000 01264nam a22002897a 4500
001 03110
003 HDC
007 cr bn ---
008 210102b20162016my ||||| |||| 00| 0 eng d
040 _aHDC
100 _aNor Asiah Omar
_eauthor
_9639
245 4 _aThe effect of recover satisfaction, severity and psychological contract violation toward boycott in halal violation incident
_c/ Nor Asiah Omar, Nordiana Ahmad Nordin and Muhamad Azrin Nazri
260 _aMalaysia:
_bMalaysian Consumer and Family Economics Association,
_c2016
300 _a1 online resource (16 pages)
336 _atext
_2rdacontent
337 _acomputer
_2rdamedia
338 _aonline resource
_2rdacarrier
500 _aExtract from: Malaysian Journal of Consumer and Family Economics, 2016 (pages 127-142)
_aIncludes bibliographical references
650 _aConsumer behavior
_9167
650 _aHalal food industry
_zMalaysia
_9218
700 _aMuhamad Azrin Nazri
_ejoint author
_9646
700 _aNordiana Ahmad Nordin
_ejoint author
_9645
856 _zRequest full-text at [email protected]
942 _2lcc
942 _cAR
942 _kJART 002543
999 _c496
_d496